10 college football coaches with the most wins - Statistics

General Stats
  • This quiz has been taken 17 times
  • The average score is 6 of 10
Answer Stats
Hint Answer % Correct
292-LSU-Alabama Nick Saban
94%
323-Alabama Bear Bryant
82%
346-West Virginia-Florida St Bobby Bowden
76%
409-Penn St Joe Paterno
76%
283-Texas-North Carolina Mack Brown
76%
257-BYU LaVell Edwards
71%
255-Nebraska Tom Osborne
71%
249-Notre Dame Lou Holtz
53%
314-Chicago Amos Alonzo Stagg
35%
318-Pittsburgh-Stanford Pop Warner
12%
No matching quizzes found
Score Distribution
Percent of People with Each Score
Percentile by Number Answered
Your Score History
You have not taken this quiz